000 00575nam a22001937a 4500
003 UA-OsUOA
001 25534
007 ta
008 20040323b un ||||| |||| 00| 0 ukr d
100 _aВатаманюк З.Г.
700 _aСамбірський М. М.
942 _cSA
040 _aUA-OsUOA
_cUA-OsUOA
_dUA-OsUOA
245 _aПрава власників простих акцій в Україні
300 _aС.123-127
955 _a0
773 0 _w0
_tФінанси України
_dКиїв
_d2004
_g№3
650 7 _aБанківська справа
_2UDC
999 _c311832
_d311832